000 01038nam a22002537a 4500
005 20090825120337.0
008 090728t xxu||||| |||| 00| 0 pun d
010 _aPUN-6526
020 _c150.00
_a9788175381292
035 _aPN-5644
037 _bDBAD / PUB
040 _adpl
_bpn
082 _a851
100 _924414
_aਔਜਲਾ, ਮੋਹਨ ਸਿੰਘ
245 _aਚੇਤੰਨਤਾ ਦੇ ਦੀਪ /
_cਮੋਹਨ ਸਿੰਘ ਔਜਲਾ
246 _aChetanta de deep
_bby Mohan Singh Aujla
260 _aਚੰਡੀਗਡ਼
_bਲੋਕਗੀਤ ਪ੍ਰਕਾਸ਼ਨ
_c2010
270 _as.c.o-26-27, Sector-34-A,
_bਚੰਡੀਗਡ਼
_e160022
_k01624-682954, 09781534406
300 4 _a132 ਸਫੇ
_c22 ਸੇਮੀ (ਸਜਿਲੱਦ)
650 _924412
_aਕਵਿਤਾਵਾਂ
650 _aPoems
_924431
942 _2ddc
_cPN
_h851
_mਔਜਲਾ
999 _c48926
_d48926